| 000 | 00382nam a2200157Ia 4500 | ||
|---|---|---|---|
| 005 | 20250425023228.0 | ||
| 008 | 240331s9999 xx 000 0 und d | ||
| 020 | _a9555511800 | ||
| 082 |
_bJAY _a891 |
||
| 100 | _aJayakody,J | ||
| 245 | 0 | _aGothama geethaya | |
| 260 |
_aColombo _bDayawansa Jayakody & Company _c2003 |
||
| 300 | _a264 p ., | ||
| 500 | _aA Sinhala Novel | ||
| 942 | _cL | ||
| 999 |
_c5355 _d5355 |
||